Statistics for Regions & Departments of Peru on a Map

Click here to take the quiz!

General Stats

  • This quiz has been taken 1,685 times
  • The average score is 15 of 26

Answers on the Map

Answers color-coded by a green-red scale on the quiz's map according to % correct below.
Loading ...
 

Answer Stats

Subdivisions% Correct
Lima
100%
Province of {Lima}
100%
Cusco
85%
Arequipa
75%
Amazonas
73%
Callao
66%
Loreto
64%
Puno
58%
Ica
57%
Madre de Dios
56%
Tacna
55%
Ancash
53%
Piura
53%
Tumbes
53%
Cajamarca
52%
La Libertad
51%
Ayacucho
50%
Junín
48%
San Martín
48%
Ucayali
48%
Lambayeque
45%
Pasco
45%
Apurímac
44%
Huancavelica
44%
Huánuco
43%
Moquegua
43%

Score Distribution

Percentile by Number Answered

Percent of People with Each Score

Your Score History

You have not taken this quiz